Statistiques concernant Formes Galéniques

Cliquez ici pour prendre le quiz!

Statistiques générales

  • Ce quiz a été pris 32 fois
  • Le résultat moyen est 10 sur 25

Statistiques - réponses

Formes% Correct
Gel
100%
Gélule
95%
Comprimé
90%
Sirop
90%
Crème
75%
Suppositoire
70%
Pommade
65%
Patch
55%
Sachet en poudre
50%
Gomme
35%
Granule
35%
Ovule
35%
Collyre
30%
Effervescent
30%
Aérosol
25%
Ampoule
25%
Lyophilisat
25%
Émulsion
25%
Pastille
25%
Baume
15%
Lotion
15%
Stick a boire
15%
Vernis
10%
Collutoire
5%
Teinture
0%

Distribution des résultats

Percentile par nombre de réponses

% des personnes avec chaque résultat

Votre développement - résultats

Vous n’avez pas pris ce quiz